Statistiken für Länder, die am meisten Reis produzieren

Klicken Sie hier um das Quiz zu spielen!

Allgemein

  • Dieses Quiz wurde 173 mal gespielt
  • Das Durchschnittsergebnis liegt bei 14 aus 20

Antwortstatistiken

Mil TonnenLand% Korrekt
210,0China
100%
159,0Indien
97%
8,0Japan
92%
77,3Indonesien
91%
43,4Vietnam
91%
25,6Thailand
87%
25,7Birma
84%
10,4Pakistan
84%
9,8Kambodscha
82%
4,1Laos
81%
52,6Bangladesch
79%
5,6Südkorea
79%
17,6Philippinen
71%
10,2Vereinigte Staaten
71%
10,6Brasilien
68%
4,3Nepal
61%
4,1Sri Lanka
47%
6,1Nigeria
26%
6,3Ägypten
25%
3,8Madagaskar
5%

Verteilung der Resultate

Perzentil nach korrekt beantworteten Fragen

Anzahl Personen mit jedem Resultat

Ihre Resultats-Entwicklung

Sie haben dieses Quiz noch nicht gespielt